[Event "Rated Blitz tournament ZlNvlGie"]
[Site "?"]
[Date "2021.03.31"]
[Round "?"]
[White "Ghostfreakk"]
[Black "chutimagala"]
[Result "1-0"]
[WhiteElo "2483"]
[BlackElo "2332"]
[PlyCount "153"]
[EventDate "2021.??.??"]
[EventType "blitz"]

1. e4 e5 2. Nf3 d5 3. exd5 Qxd5 4. Nc3 Qe6 5. d3 Nc6 6. Be2 Bd7 7. O-O O-O-O 8.
Re1 f6 9. Be3 Qf7 10. d4 exd4 11. Nxd4 Bc5 12. Ncb5 a6 13. Nxc6 Bxc6 14. Nd4
Ne7 15. c3 f5 16. f4 Nd5 17. Qb3 Bxd4 18. Bxd4 Rhf8 19. Bc4 Qg6 20. Bxd5 Rxd5
21. Qc2 Rfd8 22. Re7 Rxd4 23. cxd4 Rxd4 24. Rf1 Qf6 25. Qe2 Kb8 26. Re6 Qd8 27.
Re1 Rd2 28. Re8 Bxe8 29. Qxe8 Ka7 30. Qe3+ b6 31. Rc1 c5 32. b4 Qd4 33. Qxd4
cxd4 34. Rc7+ Kb8 35. Rxg7 d3 36. Rxh7 Rxa2 37. Rd7 d2 38. Kf1 a5 39. bxa5 bxa5
40. Ke2 a4 41. Rxd2 Rxd2+ 42. Kxd2 a3 43. Kc2 Kc7 44. Kb3 Kd6 45. Kxa3 Ke6 46.
Kb3 Kf6 47. Kc3 Kg6 48. Kd3 Kf6 49. Ke3 Kg6 50. Kf3 Kh6 51. g3 Kh5 52. h3 Kg6
53. g4 Kf6 54. g5+ Kg6 55. Kg3 Kh5 56. Kf3 Kh4 57. Ke3 Kh5 58. Kd4 Kg6 59. Ke5
Kh5 60. Kxf5 Kh4 61. Kg6 Kg3 62. Kh6 Kxf4 63. g6 Kf5 64. g7 Ke4 65. g8=Q Kd4
66. Qg4+ Ke5 67. h4 Kd5 68. Kg5 Ke5 69. h5 Kd6 70. Kh4 Kd5 71. h6 Kc5 72. h7
Kb5 73. h8=Q Kc5 74. Qhh5+ Kc6 75. Qgg6+ Kd7 76. Qhh7+ Kd8 77. Qgg8# {Normal}
1-0

[Event "Rated Blitz game"]
[Site "?"]
[Date "2021.03.31"]
[Round "?"]
[White "masuodchess"]
[Black "GrandeGila"]
[Result "0-1"]
[WhiteElo "2368"]
[BlackElo "2426"]
[PlyCount "58"]
[EventDate "2021.??.??"]
[EventType "blitz"]

1. e4 e5 2. Nf3 d5 3. exd5 e4 4. Ne5 Qxd5 5. d4 exd3 6. Nxd3 Bf5 7. Nc3 Qe6+ 8.
Be3 Nc6 9. Nf4 Qe5 10. Qe2 O-O-O 11. g4 Bg6 12. Bg2 Nf6 13. Bxc6 bxc6 14. Nxg6
hxg6 15. Qa6+ Kd7 16. O-O-O+ Bd6 17. Rhe1 Rxh2 18. f4 Qe6 19. Bg1 Rxc2+ 20.
Kxc2 Qxg4 21. Kb1 Qxf4 22. Ka1 Rb8 23. Bc5 Qh2 24. Re2 Qh5 25. Bxd6 cxd6 26.
Qxa7+ Kc8 27. Rxd6 Qh1+ 28. Rd1 Qf3 29. Qd7+ Nxd7 {Normal} 0-1

[Event "Rated Blitz game"]
[Site "?"]
[Date "2021.03.31"]
[Round "?"]
[White "morty0000"]
[Black "annaly1979"]
[Result "1-0"]
[WhiteElo "2350"]
[BlackElo "2403"]
[PlyCount "37"]
[EventDate "2021.??.??"]
[EventType "blitz"]

1. e4 e5 2. Nf3 d5 3. exd5 e4 4. Qe2 f5 5. d3 Nf6 6. Nbd2 Be7 7. dxe4 fxe4 8.
Nxe4 Nxe4 9. Qxe4 O-O 10. Be3 Bd6 11. O-O-O Bf5 12. Qc4 b5 13. Qxb5 Nd7 14. Bd3
Rb8 15. Qc4 Nb6 16. Qd4 Bxd3 17. Rxd3 Qe7 18. h4 Be5 19. Nxe5 {Normal} 1-0

[Event "Rated Blitz game"]
[Site "?"]
[Date "2021.03.31"]
[Round "?"]
[White "tomisup"]
[Black "yatayo"]
[Result "0-1"]
[WhiteElo "2304"]
[BlackElo "2411"]
[PlyCount "106"]
[EventDate "2021.??.??"]
[EventType "blitz"]

1. e4 e5 2. Nf3 d5 3. exd5 e4 4. Qe2 Nf6 5. d3 Qxd5 6. Nbd2 Bf5 7. Nh4 Be6 8.
dxe4 Qd7 9. Nhf3 Nc6 10. c3 O-O-O 11. Qb5 Nxe4 12. Be2 Nxd2 13. Bxd2 Qd5 14.
Qxd5 Bxd5 15. O-O-O Bxa2 16. Bg5 Rxd1+ 17. Rxd1 f6 18. Bf4 Bc5 19. Bg3 Re8 20.
Bd3 g6 21. Nd2 Bd5 22. f3 a6 23. Be4 Bf7 24. Kc2 f5 25. Bxc6 bxc6 26. Nb3 Re2+
27. Nd2 Rxg2 28. Re1 g5 29. f4 Bd6 30. Rf1 Bc4 31. Rf2 Rxf2 32. Bxf2 Bd5 33.
fxg5 Bxh2 34. Kd3 Bf4 35. Bh4 Kd7 36. Nc4 Bxc4+ 37. Kxc4 Kd6 38. Kd4 Be5+ 39.
Kd3 Kd5 40. b3 Bf4 41. c4+ Kc5 42. Kc3 Be5+ 43. Kd3 Kb4 44. Kc2 c5 45. Be1+ Ka3
46. Bd2 f4 47. Bc1+ Ka2 48. Bd2 f3 49. Kd3 Kxb3 50. Be3 Bd4 51. Bf4 f2 52. Ke2
a5 53. Bxc7 a4 {Time forfeit} 0-1

[Event "Rated Blitz game"]
[Site "?"]
[Date "2021.03.31"]
[Round "?"]
[White "Tobyk"]
[Black "mariusz95"]
[Result "1-0"]
[WhiteElo "2381"]
[BlackElo "2409"]
[PlyCount "75"]
[EventDate "2021.??.??"]
[EventType "blitz"]

1. e4 e5 2. Nf3 d5 3. Nxe5 Bd6 4. d4 dxe4 5. Nc4 Nc6 6. Be3 f5 7. g3 Nf6 8. Bg2
O-O 9. O-O f4 10. Nxd6 fxe3 11. Nxc8 exf2+ 12. Rxf2 Rxc8 13. c3 Ne5 14. Qb3+
Nf7 15. Na3 Kh8 16. Re1 Nd6 17. Nc4 Re8 18. Nxd6 Qxd6 19. Qxb7 Rb8 20. Qxa7 Ra8
21. Qc5 Qxc5 22. dxc5 Rxa2 23. Bxe4 Ra6 24. Rfe2 Rae6 25. Bd3 Rxe2 26. Rxe2
Rxe2 27. Bxe2 Ne4 28. b4 Nxc3 29. Kf2 Kg8 30. Bc4+ Kf8 31. Ke3 Ke7 32. Kd4 Nd1
33. b5 Kd7 34. Bd3 g6 35. Be2 Nb2 36. Kc3 Na4+ 37. Kb4 Nb2 38. Kb3 {Normal} 1-0

[Event "Rated Blitz game"]
[Site "?"]
[Date "2021.03.31"]
[Round "?"]
[White "annaly1979"]
[Black "dr_xStranger"]
[Result "0-1"]
[WhiteElo "2382"]
[BlackElo "2504"]
[PlyCount "112"]
[EventDate "2021.??.??"]
[EventType "blitz"]

1. e4 e5 2. Nf3 d5 3. Nc3 dxe4 4. Nxe4 Nf6 5. Qe2 Nc6 6. c3 Bd6 7. d3 O-O 8.
Bg5 Be7 9. h3 Nxe4 10. Bxe7 Nxc3 11. Bxd8 Nxe2 12. Bxc7 Nf4 13. Bxe5 Nxe5 14.
Nxe5 Re8 15. d4 f6 16. g3 Ng6 17. f4 fxe5 18. dxe5 Be6 19. Bd3 Rac8 20. Ke2 Bc4
21. Rac1 Bd5 22. Rhd1 Bxa2 23. Bb5 Rf8 24. Rxc8 Rxc8 25. Rd7 a6 26. Bd3 b5 27.
Ra7 Rc6 28. Be4 Rb6 29. Ke3 Kf8 30. b4 Ne7 31. f5 Bd5 32. Bd3 Bb7 33. Be4 Nc6
34. Bxc6 Bxc6 35. Kd4 Bb7 36. Kc5 Rc6+ 37. Kd4 Rc4+ 38. Ke3 Rc7 39. g4 Ke7 40.
Kd4 h6 41. h4 Kd7 42. g5 hxg5 43. hxg5 Kc6 44. f6 gxf6 45. exf6 Kb6 46. g6 Kxa7
47. g7 Rd7+ 48. Ke5 Bd5 49. Kf5 Bg8 50. Kg6 Rf7 51. Kg5 Kb6 52. Kf5 Kc6 53. Ke5
Kd7 54. Kf5 Kd6 55. Kg6 Ke6 56. Kg5 Rxf6 {Normal} 0-1

[Event "Rated Blitz game"]
[Site "?"]
[Date "2021.03.31"]
[Round "?"]
[White "cantorypoeta"]
[Black "GrandeGila"]
[Result "1-0"]
[WhiteElo "2413"]
[BlackElo "2438"]
[PlyCount "67"]
[EventDate "2021.??.??"]
[EventType "blitz"]

1. e4 e5 2. Nf3 d5 3. exd5 e4 4. Qe2 Nf6 5. Nc3 Be7 6. Nxe4 Nxd5 7. d4 O-O 8.
Bd2 Re8 9. O-O-O Bb4 10. c3 Bf8 11. Qd3 Bf5 12. Re1 Nd7 13. Qc2 N7f6 14. Nxf6+
Qxf6 15. Bd3 Be6 16. Bg5 Nf4 17. Bxf6 Nxd3+ 18. Qxd3 gxf6 19. Kb1 Red8 20. Nh4
Rd5 21. c4 Rh5 22. d5 Bd7 23. g3 Bh6 24. Ka1 Rd8 25. Re7 f5 26. Rxd7 Rxd7 27.
Nxf5 Bf8 28. h4 c6 29. Qf3 Rxf5 30. Qxf5 Rd6 31. Re1 Kg7 32. Re8 Rf6 33. Qxf6+
Kxf6 34. Rxf8 {Normal} 1-0

[Event "Rated Blitz game"]
[Site "?"]
[Date "2021.03.31"]
[Round "?"]
[White "junmark-baldesimo24"]
[Black "annaly1979"]
[Result "0-1"]
[WhiteElo "2381"]
[BlackElo "2413"]
[PlyCount "122"]
[EventDate "2021.??.??"]
[EventType "blitz"]

1. e4 e5 2. Nf3 d5 3. d3 d4 4. c3 c5 5. Nxe5 Nf6 6. Nf3 Nc6 7. Be2 Bd6 8. O-O
O-O 9. cxd4 cxd4 10. Bg5 h6 11. Bh4 Be7 12. Nbd2 Be6 13. a3 Rc8 14. Rc1 Qb6 15.
b4 a5 16. Nc4 Bxc4 17. Rxc4 axb4 18. e5 Nd5 19. Bxe7 Ncxe7 20. Rxd4 bxa3 21.
Qa1 Qb2 22. Re1 Nc3 23. Bf1 b5 24. Qxb2 axb2 25. Rb4 Na4 26. Rxb5 Rc1 27. d4
Rxe1 28. Nxe1 Nd5 29. Bd3 Ndc3 30. Rb3 Rd8 31. Nf3 g5 32. h3 h5 33. g4 hxg4 34.
hxg4 Kf8 35. Kf1 Nd5 36. Ke1 Nf4 37. Kd2 Nxd3 38. Kxd3 Rc8 39. Rb4 Rc1 40. Nd2
Rc3+ 41. Ke2 Rc2 42. Kd1 Rc1+ 43. Ke2 Nc3+ 44. Kd3 b1=Q+ 45. Nxb1 Nxb1 46. Rb8+
Ke7 47. Ke4 Rf1 48. Rb7+ Kf8 49. f3 Nc3+ 50. Ke3 Nd5+ 51. Ke4 Ne7 52. d5 Re1+
53. Kd4 Rd1+ 54. Ke4 Nxd5 55. Rb8+ Kg7 56. Kf5 Rf1 57. Kxg5 Rxf3 58. Rb5 Ne3
59. e6 fxe6 60. Rb7+ Kf8 61. Rb3 Ke7 {Time forfeit} 0-1

[Event "Rated Blitz game"]
[Site "?"]
[Date "2021.03.31"]
[Round "?"]
[White "Shevizuki"]
[Black "KamranShirazi"]
[Result "1-0"]
[WhiteElo "2408"]
[BlackElo "2454"]
[PlyCount "121"]
[EventDate "2021.??.??"]
[EventType "blitz"]

1. e4 e5 2. Nf3 d5 3. exd5 e4 4. Nd4 Qxd5 5. Nb3 Bd6 6. Nc3 Qe5 7. Be2 Bf5 8.
d4 exd3 9. cxd3 Nc6 10. Be3 O-O-O 11. d4 Qf6 12. Qd2 Nge7 13. Rc1 Nb4 14. a3
Nbd5 15. Nxd5 Nxd5 16. Bg5 Qg6 17. Bxd8 Qxg2 18. Rf1 Rxd8 19. Qa5 Kb8 20. Nc5
b6 21. Qb5 Bxc5 22. dxc5 Nf4 23. cxb6 axb6 24. Qe5 Ne6 25. Qxf5 Nd4 26. Qf4 Rd6
27. Qxf7 c5 28. Qf8+ Kc7 29. Qe7+ Rd7 30. Qe5+ Kb7 31. Qg3 Qe4 32. Qd3 Re7 33.
Qxe4+ Rxe4 34. Rc3 Rxe2+ 35. Kd1 Rxb2 36. Rc1 Nf3 37. Rc2 Rb1+ 38. Rc1 Rb3 39.
Ke2 Nd4+ 40. Kd2 Rxa3 41. f3 Ra2+ 42. Ke3 Ra3+ 43. Ke4 Ne2 44. Kd5 Nxc1 45. f4
Rd3+ 46. Kc4 Rc3+ 47. Kxc3 Ne2+ 48. Kd2 Nd4 49. f5 Kc6 50. Ke3 Kd6 51. Ke4 b5
52. Rg1 g6 53. f6 Ke6 54. Rf1 Kf7 55. Kd5 Nf5 56. Re1 Ne3+ 57. Rxe3 c4 58. Re6
c3 59. Rd6 c2 60. Rd7+ Kxf6 61. Rc7 {Time forfeit} 1-0

[Event "Rated Blitz game"]
[Site "?"]
[Date "2021.03.31"]
[Round "?"]
[White "Quijoteajedrecista"]
[Black "KamranShirazi"]
[Result "1/2-1/2"]
[WhiteElo "2448"]
[BlackElo "2463"]
[PlyCount "97"]
[EventDate "2021.??.??"]
[EventType "blitz"]

1. e4 e5 2. Nf3 d5 3. exd5 e4 4. Qe2 Nf6 5. d3 Bb4+ 6. c3 O-O 7. dxe4 Bc5 8.
Bg5 Re8 9. Nbd2 c6 10. c4 h6 11. Bxf6 Qxf6 12. O-O-O cxd5 13. cxd5 Bg4 14. Kb1
Na6 15. h3 Bd7 16. Ka1 Rac8 17. e5 Qg6 18. Ne4 Bf5 19. Nh4 Bxe4 20. Nxg6 Bxg6
21. a3 Bd6 22. f4 Nc5 23. Ka2 f6 24. exd6 Rxe2 25. Bxe2 Bc2 26. Rd2 Bb3+ 27.
Kb1 Ne4 28. Rdd1 Bxd1 29. Rxd1 Nxd6 30. Rc1 Rxc1+ 31. Kxc1 g5 32. fxg5 fxg5 33.
Bd3 Kf7 34. Kd2 Kf6 35. Ke3 Ke5 36. Kf3 h5 37. Bg6 h4 38. Kg4 Kf6 39. Bd3 Nf7
40. Kh5 b6 41. Be2 Nd6 42. Bf3 Nc4 43. Be4 Nd6 44. Bf3 Nf5 45. b4 Ng7+ 46. Kh6
Nf5+ 47. Kh5 Ng7+ 48. Kh6 Nf5+ 49. Kh5 {Normal} 1/2-1/2

[Event "Rated Blitz game"]
[Site "?"]
[Date "2021.03.31"]
[Round "?"]
[White "sutcunuri"]
[Black "DonCroccante"]
[Result "1-0"]
[WhiteElo "2556"]
[BlackElo "2388"]
[PlyCount "71"]
[EventDate "2021.??.??"]
[EventType "blitz"]

1. e4 e5 2. Nf3 d5 3. exd5 e4 4. Qe2 Nf6 5. d3 Qxd5 6. Nbd2 Qa5 7. dxe4 a6 8.
c3 Nc6 9. Nc4 Qh5 10. Bg5 Be7 11. e5 Ng4 12. Bxe7 Nxe7 13. h3 O-O 14. O-O-O Nc6
15. Nd4 Qh6+ 16. Kb1 Re8 17. Nxc6 bxc6 18. g3 Be6 19. f4 Bxc4 20. Qxg4 Bd5 21.
Rh2 Qe6 22. Qxe6 Bxe6 23. Rhd2 g6 24. b3 h5 25. h4 a5 26. Bc4 Bf5+ 27. Kb2 a4
28. b4 a3+ 29. Kc1 Kg7 30. Rd7 Bxd7 31. Rxd7 Rf8 32. Kc2 Rac8 33. Kb3 Kh6 34.
Bxf7 Rcd8 35. Rxd8 Rxd8 36. e6 {Time forfeit} 1-0

[Event "Rated Blitz game"]
[Site "?"]
[Date "2021.03.31"]
[Round "?"]
[White "lestri"]
[Black "Schachelite"]
[Result "1-0"]
[WhiteElo "2607"]
[BlackElo "2431"]
[PlyCount "103"]
[EventDate "2021.??.??"]
[EventType "blitz"]

1. e4 e5 2. Nf3 d5 3. exd5 e4 4. Ne5 Qxd5 5. d4 exd3 6. Nxd3 Nc6 7. Nc3 Qf5 8.
Be2 Bd6 9. O-O Nf6 10. Bf3 O-O 11. Ne2 Ne5 12. Nxe5 Qxe5 13. Bf4 Qe7 14. Bxd6
Qxd6 15. Qxd6 cxd6 16. Rad1 Rd8 17. Nc3 Be6 18. Rd4 Kf8 19. Rfd1 Ke7 20. Rb4
Rd7 21. a3 Rb8 22. Nb5 a6 23. Nd4 d5 24. Nc6+ bxc6 25. Rxb8 Kd6 26. Rb6 Ra7 27.
Rb8 Nd7 28. Rh8 Bf5 29. c4 Ne5 30. cxd5 Nxf3+ 31. gxf3 cxd5 32. Rd8+ Bd7 33. b4
Rc7 34. Kg2 Rc3 35. a4 Rb3 36. Rb8 Bxa4 37. Rb6+ Ke5 38. f4+ Ke4 39. f3+ Rxf3
40. Rd4+ Kxd4 41. Kxf3 Bb5 42. Rb7 Kc3 43. Rxf7 d4 44. Rf8 d3 45. Rd8 d2 46.
Ke3 Kxb4 47. Kxd2 a5 48. Rb8 Kc5 49. Rb7 Be8 50. f5 Kd5 51. Rxg7 h5 52. Re7 {
Normal} 1-0

[Event "Rated Blitz tournament 2JG1CGAx"]
[Site "?"]
[Date "2021.03.31"]
[Round "?"]
[White "gmadham"]
[Black "Jenlen3001"]
[Result "1-0"]
[WhiteElo "2581"]
[BlackElo "2441"]
[PlyCount "129"]
[EventDate "2021.??.??"]
[EventType "blitz"]

1. e4 e5 2. Nf3 d5 3. exd5 e4 4. Qe2 Nf6 5. Nc3 Be7 6. Nxe4 O-O 7. Nxf6+ Bxf6
8. Qd1 Qxd5 9. Be2 c5 10. O-O Nc6 11. d3 Bg4 12. c3 Rad8 13. Be3 b6 14. h3 Bh5
15. Qa4 Rfe8 16. Rfe1 Qd7 17. Rad1 Nd4 18. Qxd7 Nxe2+ 19. Rxe2 Rxd7 20. g4 Bg6
21. Red2 Red8 22. d4 Be4 23. Ne5 Bxe5 24. dxe5 Rxd2 25. Rxd2 Rxd2 26. Bxd2 Bf3
27. Kh2 f6 28. exf6 gxf6 29. a3 c4 30. Be3 Kf7 31. Kg3 Be4 32. f4 Ke6 33. f5+
Ke7 34. Kf4 Bc2 35. Bd4 h6 36. h4 Bd1 37. h5 Be2 38. Kg3 Kf7 39. Be3 Kg7 40.
Kf4 Bd1 41. Bd4 Bb3 42. Ke4 Bd1 43. Kd5 Bxg4 44. Ke6 Bxh5 45. Bxf6+ Kh7 46. Bh4
Bg4 47. Ke5 h5 48. Kf4 Kh6 49. Be7 Bd1 50. Bf8+ Kh7 51. Kg5 Kg8 52. Bd6 Kf7 53.
Be5 b5 54. f6 a6 55. Bg3 Bg4 56. Bh4 Bd1 57. Kf4 Bg4 58. Ke5 Bc8 59. Kd6 a5 60.
Kc6 b4 61. cxb4 axb4 62. axb4 c3 63. bxc3 Be6 64. b5 Bd5+ 65. Kxd5 {Normal} 1-0

[Event "Rated Blitz game"]
[Site "?"]
[Date "2021.03.31"]
[Round "?"]
[White "sutcunuri"]
[Black "DonCroccante"]
[Result "1-0"]
[WhiteElo "2549"]
[BlackElo "2395"]
[PlyCount "45"]
[EventDate "2021.??.??"]
[EventType "blitz"]

1. e4 e5 2. Nf3 d5 3. exd5 e4 4. Qe2 Nf6 5. d3 Qxd5 6. Nbd2 Qa5 7. dxe4 a6 8.
c3 Nc6 9. h3 h6 10. Nc4 Qh5 11. Bf4 Bc5 12. Bxc7 O-O 13. O-O-O b5 14. Ne3 Nxe4
15. g4 Qg6 16. Bg2 Qf6 17. Nd5 Qe6 18. Nd4 Nxd4 19. Qxe4 Ne2+ 20. Kc2 Bb7 21.
Rhe1 Qc6 22. Rxe2 Rfe8 23. Be5 {Time forfeit} 1-0

[Event "Rated Blitz game"]
[Site "?"]
[Date "2021.03.31"]
[Round "?"]
[White "Spanyard"]
[Black "GrandeGila"]
[Result "0-1"]
[WhiteElo "2447"]
[BlackElo "2446"]
[PlyCount "70"]
[EventDate "2021.??.??"]
[EventType "blitz"]

1. e4 e5 2. Nf3 d5 3. exd5 e4 4. Qe2 Nf6 5. Nc3 Be7 6. Nxe4 Nxd5 7. d4 O-O 8.
Qd1 Re8 9. Be2 Bb4+ 10. Ned2 Nf4 11. c3 Nxe2 12. Qxe2 Rxe2+ 13. Kxe2 Qe7+ 14.
Kd1 Bd6 15. Re1 Qd8 16. Ne4 Bf5 17. Bg5 f6 18. Bh4 Nc6 19. Bg3 Bxg3 20. hxg3
Qd5 21. Ned2 Qb5 22. b3 Qa5 23. Nh4 Bd3 24. Re3 Ba6 25. a4 Rd8 26. Kc2 b5 27.
b4 Qb6 28. a5 Qb8 29. Rae1 Bb7 30. Ne4 Ne7 31. Nc5 Nd5 32. Re6 Bc8 33. Re8+
Rxe8 34. Rxe8+ Kf7 35. Rh8 Bf5+ {Time forfeit} 0-1

[Event "Rated Blitz game"]
[Site "?"]
[Date "2021.03.31"]
[Round "?"]
[White "junmark-baldesimo24"]
[Black "Schachelite"]
[Result "0-1"]
[WhiteElo "2406"]
[BlackElo "2438"]
[PlyCount "61"]
[EventDate "2021.??.??"]
[EventType "blitz"]

1. e4 e5 2. Nf3 d5 3. exd5 e4 4. Qe2 Nf6 5. d3 Qxd5 6. Nc3 Bb4 7. dxe4 Bxc3+ 8.
bxc3 Qxe4 9. Be3 Nc6 10. Nd4 O-O 11. Qd3 Ne5 12. Qxe4 Nxe4 13. Ne2 Re8 14.
O-O-O Nc4 15. Rd4 Nxe3 16. fxe3 c5 17. Ra4 Bd7 18. Ra3 Nf2 19. Rg1 Rxe3 20. Kd2
Re7 21. Ng3 Bc6 22. c4 Rd8+ 23. Bd3 g6 24. Rxa7 f5 25. Kc3 f4 26. Nh1 Nxh1 27.
Rxh1 Bxg2 28. Rg1 f3 29. a4 Rxd3+ 30. cxd3 f2 31. Rxg2 {Normal} 0-1

[Event "Rated Blitz game"]
[Site "?"]
[Date "2021.03.31"]
[Round "?"]
[White "lionking15"]
[Black "blastol"]
[Result "1-0"]
[WhiteElo "2480"]
[BlackElo "2372"]
[PlyCount "81"]
[EventDate "2021.??.??"]
[EventType "blitz"]

1. e4 e5 2. Nf3 d5 3. exd5 Bd6 4. d4 e4 5. Ne5 Nf6 6. c4 O-O 7. Nc3 Re8 8. Bf4
Nbd7 9. c5 Bxe5 10. dxe5 Nxe5 11. Bxe5 Rxe5 12. Qd4 Re8 13. Be2 b6 14. O-O bxc5
15. Qxc5 Qd6 16. b4 Bb7 17. Rfd1 Re5 18. Bc4 a6 19. a4 Rc8 20. Rac1 Rh5 21. h3
Qf4 22. Qa7 Ba8 23. Bxa6 Re8 24. Ne2 Qg5 25. Ng3 Bxd5 26. Nxh5 Nxh5 27. Qe3 Nf4
28. Qg3 Qf6 29. Rxc7 h5 30. h4 e3 31. fxe3 Ng6 32. Bb5 Re5 33. Rc8+ Kh7 34. Rf1
Qe6 35. Rc5 Rxe3 36. Qg5 Be4 37. Qxh5+ Kg8 38. Rc8+ Nf8 39. Rxf8+ Kxf8 40. Qh8+
Ke7 41. Qxg7 {Normal} 1-0

[Event "Rated Blitz tournament IPaiOfKX"]
[Site "?"]
[Date "2021.03.31"]
[Round "?"]
[White "syllwestr"]
[Black "Hak-Arm"]
[Result "0-1"]
[WhiteElo "2217"]
[BlackElo "2420"]
[PlyCount "136"]
[EventDate "2021.??.??"]
[EventType "blitz"]

1. e4 e5 2. Nf3 d5 3. exd5 e4 4. Ne5 Qxd5 5. d4 exd3 6. Nxd3 Nf6 7. Nc3 Qa5 8.
Bd2 Nc6 9. Qe2+ Be7 10. O-O-O O-O 11. Kb1 Bg4 12. f3 Bf5 13. Ne4 Qb6 14. Bc3
Nxe4 15. fxe4 Bg6 16. Nf4 Rad8 17. Nd5 Qc5 18. g3 Bg5 19. Bg2 Ne7 20. Nf4 Bxf4
21. gxf4 Bh5 22. Bf3 Bxf3 23. Qxf3 Ng6 24. f5 Ne5 25. Qg3 f6 26. Bxe5 Qxe5 27.
Qxe5 fxe5 28. Kc1 Kf7 29. c4 c6 30. Kc2 Kf6 31. Kc3 Ke7 32. Rhg1 Rxd1 33. Rxd1
Rd8 34. Rg1 Kf6 35. h4 Rd4 36. b4 Rxe4 37. Rd1 Rxh4 38. Rd6+ Kxf5 39. Rd7 Rh3+
40. Kb2 g5 41. Rxb7 g4 42. Rf7+ Ke4 43. Rg7 g3 44. b5 Rh2+ 45. Kb3 cxb5 46. c5
g2 47. c6 Kf4 48. c7 Rh3+ 49. Kb4 Rg3 50. Rxg3 Kxg3 51. c8=Q g1=Q 52. Qg8+ Kf2
53. Qxh7 Qg4+ 54. Kxb5 e4 55. Qxa7+ e3 56. Qf7+ Qf3 57. Qh7 e2 58. Qh2+ Ke3 59.
Qg1+ Kd2 60. Qg5+ Qe3 61. Qd5+ Qd3+ 62. Qxd3+ Kxd3 63. a4 e1=Q 64. a5 Qe8+ 65.
Kb6 Qa8 66. a6 Kc4 67. a7 Kb4 68. Ka6 Kc5 {Normal} 0-1

[Event "Rated Blitz game"]
[Site "?"]
[Date "2021.03.31"]
[Round "?"]
[White "Mister_Dee"]
[Black "annaly1979"]
[Result "0-1"]
[WhiteElo "2305"]
[BlackElo "2407"]
[PlyCount "40"]
[EventDate "2021.??.??"]
[EventType "blitz"]

1. e4 e5 2. Nf3 d5 3. exd5 e4 4. Ng1 f5 5. d3 Nf6 6. dxe4 fxe4 7. Bc4 Bd6 8.
Ne2 O-O 9. O-O Bf5 10. Bf4 Nbd7 11. Nbc3 a6 12. Nd4 Bxf4 13. Nxf5 Ne5 14. Qe2
Nxc4 15. Qxc4 Kh8 16. Nxe4 Nxe4 17. Qxe4 Qg5 18. g3 Rxf5 19. Rae1 Bd6 20. f4
Qg6 {Normal} 0-1

[Event "Rated Blitz game"]
[Site "?"]
[Date "2021.03.31"]
[Round "?"]
[White "Whitemouse"]
[Black "CoachJohn"]
[Result "1-0"]
[WhiteElo "2244"]
[BlackElo "2403"]
[PlyCount "131"]
[EventDate "2021.??.??"]
[EventType "blitz"]

1. e4 e5 2. Nf3 d5 3. Nc3 d4 4. Nb1 f6 5. Bc4 Nd7 6. O-O Nb6 7. Bb3 a5 8. a4
Ne7 9. d3 Ng6 10. Nbd2 Bb4 11. h3 Qe7 12. Nc4 Nd7 13. Bd2 Bxd2 14. Qxd2 b6 15.
Kh2 Nc5 16. Na3 Nxb3 17. cxb3 Nf4 18. Ng1 h5 19. Rac1 Be6 20. Nc4 g5 21. g3 Ng6
22. Qc2 h4 23. g4 Nf4 24. f3 Qb4 25. Ne2 Nxe2 26. Qxe2 Qxb3 27. Qd2 Rg8 28. Rc2
Qxa4 29. Rfc1 c5 30. Nxb6 Qc6 31. Nxa8 Qxa8 32. Rxc5 Kf7 33. Rxa5 Qb7 34. b4
Rc8 35. Rac5 Rxc5 36. bxc5 Bd7 37. Qa2+ Be6 38. c6 Qb4 39. Qc2 Qa3 40. c7 Bc8
41. Rb1 Kg6 42. Rb8 Qa1 43. Rxc8 Qe1 44. Qg2 Qc1 45. Rh8 Qxc7 46. Qb2 Kg7 47.
Rb8 Qc3 48. Qxc3 dxc3 49. Rc8 Kg6 50. Rxc3 Kf7 51. Kg2 Kg6 52. Kf2 f5 53. Ke3
f4+ 54. Ke2 Kf6 55. Rc6+ Kg7 56. Re6 Kf7 57. Rxe5 Kf6 58. Rf5+ Kg6 59. d4 Kh6
60. d5 Kg6 61. d6 Kh6 62. d7 Kg6 63. d8=Q Kg7 64. Qxg5+ Kh7 65. Rf7+ Kh8 66.
Qg7# {Normal} 1-0

[Event "Rated Blitz game"]
[Site "?"]
[Date "2021.03.31"]
[Round "?"]
[White "B4RBOSAEMANUEL"]
[Black "annaly1979"]
[Result "0-1"]
[WhiteElo "2403"]
[BlackElo "2408"]
[PlyCount "126"]
[EventDate "2021.??.??"]
[EventType "blitz"]

1. e4 e5 2. Nf3 d5 3. d3 dxe4 4. dxe4 Qxd1+ 5. Kxd1 Bg4 6. Be3 Nc6 7. Nbd2
O-O-O 8. c3 f6 9. Kc2 Bh5 10. Be2 Bd6 11. Ng1 Bg6 12. f3 Nge7 13. Bc4 a6 14. a4
f5 15. Bd3 Rhf8 16. Nh3 h6 17. Rhf1 Bh7 18. b4 g5 19. exf5 Bxb4 20. g4 Ba5 21.
Nc4 Rxd3 22. Kxd3 Nxf5 23. Ke2 Bxc3 24. Rac1 Nxe3 25. Nxe3 Nd4+ 26. Kd1 Bd2 27.
Kxd2 Nb3+ 28. Ke2 Nxc1+ 29. Rxc1 e4 30. Ng1 Rd8 31. Rd1 Re8 32. Rd4 exf3+ 33.
Nxf3 c5 34. Rc4 b6 35. a5 Rd8 36. Ne5 Kb7 37. Rc3 Re8 38. Nf3 Be4 39. axb6 Kxb6
40. Nc4+ Kc6 41. Kf2 Rf8 42. Nce5+ Kd5 43. Re3 c4 44. Re1 c3 45. Rd1+ Ke6 46.
Rd4 c2 47. Rc4 a5 48. Ke3 Bxf3 49. Nxf3 Rf4 50. Rxc2 Rxg4 51. Rc6+ Kd5 52. Rxh6
a4 53. Ra6 Kc5 54. Ra5+ Kb4 55. Ra8 Rg2 56. Rb8+ Ka3 57. Ra8 g4 58. Ne5 Rxh2
59. Kf4 Rf2+ 60. Kxg4 Re2 61. Nf3 Re4+ 62. Kf5 Rb4 63. Ne5 Rb5 {Time forfeit}
0-1

[Event "Rated Blitz game"]
[Site "?"]
[Date "2021.03.31"]
[Round "?"]
[White "swimmerchess"]
[Black "Erow"]
[Result "1-0"]
[WhiteElo "2720"]
[BlackElo "2695"]
[PlyCount "53"]
[EventDate "2021.??.??"]
[EventType "blitz"]

1. e4 e5 2. Nf3 d5 3. exd5 e4 4. Qe2 Nf6 5. d3 Bb4+ 6. c3 O-O 7. dxe4 Bc5 8.
Bg5 Re8 9. Nbd2 Nbd7 10. Qc4 c6 11. dxc6 bxc6 12. Be2 a5 13. Qa4 Qc7 14. O-O h6
15. Bh4 Bd6 16. Rfe1 Nc5 17. Qc2 Nfxe4 18. Nxe4 Nxe4 19. Bd3 f5 20. Bxe4 fxe4
21. Rxe4 Bd7 22. Rae1 Rxe4 23. Qxe4 Kh8 24. Qg6 Rf8 25. Be7 Bxe7 26. Rxe7 Rg8
27. Ng5 {Normal} 1-0

[Event "Rated Blitz game"]
[Site "?"]
[Date "2021.03.31"]
[Round "?"]
[White "George_Foreman"]
[Black "annaly1979"]
[Result "1-0"]
[WhiteElo "2393"]
[BlackElo "2402"]
[PlyCount "49"]
[EventDate "2021.??.??"]
[EventType "blitz"]

1. e4 e5 2. Nf3 d5 3. exd5 e4 4. Qe2 f5 5. d3 Nf6 6. Nc3 Bb4 7. Bd2 Bxc3 8.
Bxc3 O-O 9. dxe4 Nxe4 10. O-O-O Nxc3 11. bxc3 Qf6 12. Qe5 Qb6 13. Qd4 Qa5 14.
Bc4 Qa3+ 15. Kb1 c5 16. dxc6+ Kh8 17. c7 Nc6 18. Qd6 Qxd6 19. Rxd6 h6 20. Rhd1
f4 21. Bb5 Bg4 22. Bxc6 bxc6 23. Rd8 Kg8 24. Rxa8 Rxa8 25. Rd8+ {Normal} 1-0

[Event "Rated Blitz game"]
[Site "?"]
[Date "2021.03.31"]
[Round "?"]
[White "ivanhoeg"]
[Black "annaly1979"]
[Result "0-1"]
[WhiteElo "2410"]
[BlackElo "2396"]
[PlyCount "28"]
[EventDate "2021.??.??"]
[EventType "blitz"]

1. e4 e5 2. Nf3 d5 3. Nxe5 Qe7 4. d4 f6 5. Qh5+ g6 6. Nxg6 Qxe4+ 7. Be2 Qxg6 8.
Qxd5 Ne7 9. Qf3 Nbc6 10. c3 Bf5 11. Na3 O-O-O 12. Bf4 Nd5 13. Bg3 h5 14. h3 Be4
{Normal} 0-1

[Event "Rated Blitz game"]
[Site "?"]
[Date "2021.03.31"]
[Round "?"]
[White "mohammedarrami"]
[Black "DonCroccante"]
[Result "0-1"]
[WhiteElo "2548"]
[BlackElo "2363"]
[PlyCount "26"]
[EventDate "2021.??.??"]
[EventType "blitz"]

1. e4 e5 2. Nf3 d5 3. Bc4 dxc4 4. O-O Nc6 5. Qe2 Bg4 6. Qxc4 Bxf3 7. gxf3 Qg5+
8. Kh1 Qf4 9. d4 Qxf3+ 10. Kg1 Nxd4 11. Nc3 O-O-O 12. Be3 Rd6 13. Rad1 Rg6+ {
Normal} 0-1

[Event "Rated Blitz game"]
[Site "?"]
[Date "2021.03.31"]
[Round "?"]
[White "grishuk2789"]
[Black "Akbas_Kaan"]
[Result "1-0"]
[WhiteElo "2533"]
[BlackElo "2419"]
[PlyCount "105"]
[EventDate "2021.??.??"]
[EventType "blitz"]

1. e4 e5 2. Nf3 d5 3. exd5 e4 4. Qe2 Nf6 5. Nc3 Be7 6. Nxe4 O-O 7. d3 Nxd5 8.
Qd1 f5 9. Ng3 Nc6 10. Be2 Bf6 11. O-O Kh8 12. c3 b6 13. d4 Bb7 14. Re1 a6 15.
Nxf5 b5 16. Ng3 Qd7 17. Bd3 Rae8 18. Bd2 Nb6 19. Qc2 g6 20. Rxe8 Rxe8 21. Re1
Nc4 22. Bxc4 bxc4 23. Rxe8+ Qxe8 24. Qe4 Qc8 25. Qe2 Qg8 26. Bf4 Qd5 27. Qe8+
Kg7 28. Ne4 Nxd4 29. Nxd4 Qxe4 30. Qxe4 Bxe4 31. Bxc7 Bb1 32. a3 Bxd4 33. cxd4
Kf6 34. Kf1 Bd3+ 35. Ke1 Ke6 36. Kd2 Kd5 37. Be5 h5 38. Kc3 Bf5 39. Kb4 Bd3 40.
g3 Be2 41. Kc3 Bd3 42. b3 g5 43. f4 gxf4 44. gxf4 Be2 45. f5 cxb3 46. Kxb3 Bg4
47. f6 Be6 48. Kb4 Kc6 49. Ka5 Kb7 50. Kb4 Bd5 51. Kc5 Bf7 52. Kd6 Kc8 53. Ke7
{Normal} 1-0